Marketingová analýza rozhodovania v oblasti maloobchodu

Analýza spotrebiteľského správania a spádových oblastí existujúcich predajní. Správne zvolené marketingové postupy pri riadení obchodných činností. Vplyvy zmien na spotrebiteľské správanie. Globalizačné tendencie a udržanie si konkurenčnej výhody.

Guardado en:
Detalles Bibliográficos
Autor principal: Toman, Marian, 1970-
Formato: Capítulo de libro
Lenguaje:eslovaco
Materias:
Etiquetas: Agregar Etiqueta
Sin Etiquetas, Sea el primero en etiquetar este registro!

MARC

LEADER 00000naa$a2200000$$$4500
001 0217371
005 20240502073620.1
041 0 |a slo 
044 |a SK 
245 1 0 |a Marketingová analýza rozhodovania v oblasti maloobchodu  |c Marian Toman 
520 |a Analýza spotrebiteľského správania a spádových oblastí existujúcich predajní. Správne zvolené marketingové postupy pri riadení obchodných činností. Vplyvy zmien na spotrebiteľské správanie. Globalizačné tendencie a udržanie si konkurenčnej výhody. 
610 2 0 |a marketing 
610 2 0 |a stratégia marketingová 
610 2 0 |a marketing územia 
610 2 0 |a maloobchod 
610 2 0 |a výhody konkurenčné 
610 2 0 |a správanie spotrebiteľa 
100 1 |a Toman, Marian, 1970-